Countries of the World Quiz - Statistics

General Stats
  • This quiz has been taken 44 times
  • The average score is 146 of 196
Answers on the Map
Answers color-coded by a green-red scale on the quiz's map according to % correct below.
 
Answer Stats
Country % Correct
Canada
90%
Iceland
90%
Mexico
90%
United States
90%
Afghanistan
86%
Albania
86%
Argentina
86%
Australia
86%
Austria
86%
Brazil
86%
Bulgaria
86%
Cambodia
86%
Chad
86%
Colombia
86%
Croatia
86%
Cuba
86%
Democratic Republic of the Congo
86%
Denmark
86%
Finland
86%
France
86%
Germany
86%
Greece
86%
India
86%
Italy
86%
Jamaica
86%
Japan
86%
Kazakhstan
86%
Madagascar
86%
Morocco
86%
New Zealand
86%
Niger
86%
Nigeria
86%
North Korea
86%
Norway
86%
Papua New Guinea
86%
Peru
86%
Poland
86%
Romania
86%
Slovenia
86%
South Africa
86%
South Korea
86%
Sudan
86%
Sweden
86%
Switzerland
86%
United Arab Emirates
86%
United Kingdom
86%
Uruguay
86%
Algeria
81%
Belarus
81%
Belgium
81%
Bosnia and Herzegovina
81%
Chile
81%
China
81%
Cyprus
81%
Czech Republic
81%
Ecuador
81%
Egypt
81%
Estonia
81%
Ghana
81%
Haiti
81%
Indonesia
81%
Iran
81%
Iraq
81%
Ireland
81%
Kyrgyzstan
81%
Latvia
81%
Libya
81%
Luxembourg
81%
Mongolia
81%
Netherlands
81%
Oman
81%
Paraguay
81%
Philippines
81%
Portugal
81%
Republic of the Congo
81%
Russia
81%
Saudi Arabia
81%
Slovakia
81%
South Sudan
81%
Spain
81%
Turkey
81%
Venezuela
81%
Vietnam
81%
Bolivia
76%
Dominican Republic
76%
Eritrea
76%
Ethiopia
76%
Guyana
76%
Honduras
76%
Hungary
76%
Israel
76%
Jordan
76%
Kenya
76%
Laos
76%
Lebanon
76%
Lesotho
76%
Liberia
76%
Lithuania
76%
Malta
76%
Moldova
76%
Montenegro
76%
Myanmar
76%
Nepal
76%
North Macedonia
76%
Pakistan
76%
Panama
76%
Qatar
76%
San Marino
76%
Serbia
76%
Somalia
76%
Sri Lanka
76%
Syria
76%
Taiwan
76%
Thailand
76%
Turkmenistan
76%
Ukraine
76%
Vatican City
76%
Yemen
76%
Zimbabwe
76%
Andorra
71%
Angola
71%
Azerbaijan
71%
Bahamas
71%
Bahrain
71%
Bangladesh
71%
Belize
71%
Bhutan
71%
Central African Republic
71%
Dominica
71%
Guatemala
71%
Guinea
71%
Ivory Coast
71%
Kosovo
71%
Liechtenstein
71%
Monaco
71%
Senegal
71%
Seychelles
71%
Solomon Islands
71%
Tanzania
71%
Cape Verde
67%
El Salvador
67%
Gambia
67%
Georgia
67%
Kuwait
67%
Mali
67%
Namibia
67%
Nicaragua
67%
Rwanda
67%
Saint Kitts and Nevis
67%
Singapore
67%
Suriname
67%
Togo
67%
Tunisia
67%
Uganda
67%
Uzbekistan
67%
Zambia
67%
Antigua and Barbuda
62%
Armenia
62%
Benin
62%
Brunei
62%
Costa Rica
62%
São Tomé and Príncipe
62%
Djibouti
62%
Equatorial Guinea
62%
Fiji
62%
Malaysia
62%
Maldives
62%
Mauritius
62%
Mozambique
62%
Saint Lucia
62%
Tonga
62%
Tuvalu
62%
Vanuatu
62%
Barbados
57%
Botswana
57%
Burkina Faso
57%
Burundi
57%
Cameroon
57%
East Timor
57%
Guinea-Bissau
57%
Kiribati
57%
Malawi
57%
Mauritania
57%
Palau
57%
Sierra Leone
57%
Tajikistan
57%
Eswatini
52%
Federated States of Micronesia
52%
Gabon
52%
Grenada
52%
Marshall Islands
52%
Nauru
52%
Saint Vincent and the Grenadines
52%
Samoa
52%
Trinidad and Tobago
52%
Comoros
48%
No matching quizzes found
Score Distribution
Percent of People with Each Score
Percentile by Number Answered
Your Score History
You have not taken this quiz